Βιβλιοκρισίες comptes-rendus

Αποθηκεύτηκε σε:
Λεπτομέρειες βιβλιογραφικής εγγραφής
Συγγραφή απο Οργανισμό/Αρχή: Ελληνική Λαογραφική Εταιρεία
Μορφή: Βιβλίο
Γλώσσα:Greek
Δημοσίευση: Αθήναι : [Ελληνική λαογραφική Εταιρεία], 2003
Θέματα:
Ετικέτες: Προσθήκη ετικέτας
Δεν υπάρχουν, Καταχωρήστε ετικέτα πρώτοι!

MARC

LEADER 00000cam a2200000 i 4500
001 1/18549
008 120322s2003 gre d
035 |l 10112110 
040 |a GR-MY-UA  |b gre  |e aacr 
041 0 |a gre 
082 0 |a 028.12  |2 (22) 
245 1 0 |a Βιβλιοκρισίες  |h [ανάτυπο] :  |b comptes-rendus /  |c [Ελληνική Λαογραφική Εταιρεία] 
260 |a Αθήναι :   |b [Ελληνική λαογραφική Εταιρεία],   |c 2003 
300 |a [479-642 σ.] 
500 |a Από το περιοδικό Λαογραφία τ.ΛΘ (39) (1998-2003) 
650 0 0 |a Books  |x Reviews. 
710 2 |a Ελληνική Λαογραφική Εταιρεία. 
852 |a INST  |b RHODES  |e 20120322  |h 028.12 ΒΙΒ  |p 005400034071  |q 005400034071  |t BK  |y 0 
901 |a BIBL4-2012-1 
909 |a Ρ  |b 170729 
922 |a 4ΕΛΗ 
970 |z 2012/01/